Embraco nemá dosť pracovníkov, Ukrajincov zamestnávať nebude

Bibliographic Details
Format: Article
Language:Slovak
PhysicalDescription:Fotogr.
ISSN:1335-759X
Subjects:

MARC

LEADER 00000nab a2200000 ar4500
001 vtls009008706
003 SK-MaSNL
005 20260303065528.0
008 070723c20061002xo mr|p|||||||000 b|slo
038 |a SNSK 
040 |b slo  |c SNSK  |e AACR2 
041 |a slo 
044 |a xo  |c SK 
080 |a 621.5.04  |2 2001 
080 |a 331.108.24  |2 2001 
245 0 0 |a Embraco nemá dosť pracovníkov, Ukrajincov zamestnávať nebude  |c [autor](top) 
300 |b Fotogr. 
610 2 7 |a Embraco Slovakia (Spišská Nová Ves, Slovensko)  |2 snsk  |9 1021465 
650 0 7 |a fluktuácia zamestnancov  |2 snsk  |9 162543 
651 7 |a Spišská Nová Ves (Slovensko)  |2 snsk  |9 28800 
773 0 |t Spišský denník Korzár  |g Roč. VIII., č. 226 (2.10.2006), s. 2  |x 1335-759X 
852 |a SNSK  |b KIS3GCP 
999 |c 1751572  |d 1753502